000 00676nam a2200241Ia 4500
008 180523s9999 xx 000 0 und d
020 _a0-7615-6353-9
050 _aMAIN HQ 1062
050 _b.A98 2002
100 _aAutry, James A.
245 4 _aThe Spirit of retirement :
245 0 _bcreating a life of meaning and personal growth /
245 0 _cJames A. Autry.
260 _aNew York :
260 _bPrima Publishing,
260 _c2002
300 _a292 pages :
300 _c22 cm.
500 _aIncludes index.
650 _aMaturation (Psychology).
650 _aRetirement -- Psychological aspects.
650 _xSelf-actualization (Psychology).
999 _c356543
_d356543